| 000 | 00366nam a22001217a 4500 | ||
|---|---|---|---|
| 999 |
_c14041 _d14041 |
||
| 020 | _a9789694075532 | ||
| 082 | _a520 | ||
| 100 | _aSardar Irshad Shaheen | ||
| 245 | _aPhysics and Sufi Cosmology: Creation of Universe & Life in the Light of Science & Philosophical Spirituality | ||
| 260 |
_aPakistan _bPak Book Corporation _c2024 |
||
| 300 | _a261 pages | ||
| 942 | _cBK | ||